Hani si hidung tinggi

Bibliographic Details
Main Author: Sinniah, Lanka Devi
Other Authors: Siti Sarah Insyirah Abdul Rashid
Format: Book
Published: Selangor : Future Text Publications , 2007
Series:Siri Teladan Dan Sempadan
Subjects:

MARC

LEADER 00000cam a2200000 7i4500
001 0000027192
005 20151222.0
008 090820
020 |a 9833833313 
090 0 0 |a MOR   |b JAW 
100 1 |a Sinniah, Lanka Devi 
245 1 0 |a Hani si hidung tinggi   |c Lanka Devi Sinniah ; terjemahan oleh Siti Sarah Insyirah Abdul Rashid 
260 |a Selangor :   |b Future Text Publications ,   |c 2007 
440 |a Siri Teladan Dan Sempadan 
500 |a Children ages 7-9 years old (orange) 
546 |a Text dalam skrip jawi 
650 0 |a Childrens stories, Malay 
650 0 |a Malay language   |x readers   |x fiction 
700 1 |a Siti Sarah Insyirah Abdul Rashid 
999 |a 0001057865   |b Book   |c Children Collection   |e Perbadanan Perpustakaan Awam Johor 
999 |a 0001057866   |b Book   |c Children Collection   |e Perbadanan Perpustakaan Awam Johor 
999 |a 0001057867   |b Book   |c Children Collection   |e Perbadanan Perpustakaan Awam Johor 
999 |a 0001057868   |b Book   |c Children Collection   |e Perbadanan Perpustakaan Awam Johor